|
|
|
|
| LEADER |
01441nam a22003612a 4500 |
| 001 |
001601506 |
| 003 |
CZ BrMZK |
| 005 |
20180221063200.0 |
| 007 |
ta |
| 008 |
171030s1970 xr erf||||||||||cze d |
| 015 |
|
|
|a cnb000428658
|
| 035 |
|
|
|a (OCoLC)42183184
|
| 040 |
|
|
|a ABA001
|b cze
|c ABA001
|d ABA001
|d BOA001
|
| 072 |
|
7 |
|a 636
|x Chov zvířat. Živočišná výroba
|2 Konspekt
|9 24
|
| 080 |
|
|
|a 636.2
|2 MRF
|
| 080 |
|
|
|a 636.082
|2 MRF
|
| 080 |
|
|
|a 636.082.454
|2 MRF
|
| 080 |
|
|
|a (072)
|2 MRF
|
| 100 |
1 |
|
|a Věžník, Zdeněk,
|d 1928-2012
|7 jn20000402652
|4 edt
|
| 245 |
1 |
0 |
|a Vybrané spermatologické metody vhodné pro rozšíření rutinních hodnocení býčích ejakulátů /
|c zprac. Zdeněk Věžník
|
| 260 |
|
|
|a Praha :
|b Ústav vědeckotechnických informací Čs. akademie zemědělské,
|c 1970
|
| 300 |
|
|
|a 24 s. ;
|c 8°
|
| 490 |
1 |
|
|a Metodiky pro zavádění výsledků výzkumu do praxe ;
|v sv. 5 (R. 1970). č.. 10
|
| 504 |
|
|
|a Obsahuje bibliografii
|
| 650 |
0 |
7 |
|a skot
|7 ph116163
|2 czenas
|
| 650 |
0 |
7 |
|a rozmnožování hospodářských zvířat
|7 ph125264
|2 czenas
|
| 650 |
0 |
7 |
|a plodnost hospodářských zvířat
|7 ph134971
|2 czenas
|
| 655 |
|
7 |
|a metodické příručky
|7 fd132826
|2 czenas
|
| 830 |
|
0 |
|a Metodiky pro zavádění výsledků výzkumu do praxe
|
| 910 |
|
|
|a BOA001
|b X-0649.906
|
| 990 |
|
|
|a BK
|
| 991 |
|
|
|b 201710
|
| 996 |
6 |
|
|b 2618913751
|c X-0649.906
|l MZK
|r Sklad / do 24 hodin
|n 0
|w 001636759
|u 000010
|a 1
|e BOA001
|j MZK50
|s P
|